000 00387nam a22001217a 4500
999 _c12379
_d12379
008 160803b xxu||||| |||| 00| 0 eng d
050 _aTN 707 .B63 1963
100 _aBodsworth,C.
_d1963
245 _aPhysical chemistry of iron and steel manufacture.
260 _aLondon:
_bLongmans green and co ltd,
_c1963.
300 _a497p.
650 _aSteel--Metallurgy
942 _2lcc
_cBOOKS
_hTN 707 .B63 1963